[Event "Team Championship Russia (Blitz, Men)"]
[Site "Sochi"]
[Date "2018.10.10"]
[Round "12.8"]
[White "Kozionov, Kirill"]
[Black "Motylev, Alexander"]
[Result "0-1"]
[BlackElo "2569"]
[WhiteElo "2442"]
[LiveChessVersion "1.4.8"]

1. d4 {[%clk 0:03:03]} d5 {[%clk 0:03:03]} 2. c4 {[%clk 0:03:04]} c6
{[%clk 0:03:04]} 3. Nf3 {[%clk 0:03:05]} Nf6 {[%clk 0:03:06]} 4. Nc3
{[%clk 0:03:05]} dxc4 {[%clk 0:03:06]} 5. a4 {[%clk 0:03:06]} e6 {[%clk 0:03:07]}
6. e4 {[%clk 0:03:02]} Bb4 {[%clk 0:02:47]} 7. Bg5 {[%clk 0:03:01]} h6
{[%clk 0:02:45]} 8. Bxf6 {[%clk 0:02:47]} Qxf6 {[%clk 0:02:46]} 9. Bxc4
{[%clk 0:02:20]} c5 {[%clk 0:02:47]} 10. e5 {[%clk 0:02:18]} Qd8 {[%clk 0:02:42]}
11. O-O {[%clk 0:02:06]} cxd4 {[%clk 0:02:41]} 12. Ne4 {[%clk 0:02:01]} Nc6
{[%clk 0:02:33]} 13. Qe2 {[%clk 0:02:00]} O-O {[%clk 0:02:28]} 14. Rfd1
{[%clk 0:01:51]} b6 {[%clk 0:01:55]} 15. Rac1 {[%clk 0:01:46]} Bb7
{[%clk 0:01:54]} 16. Bd3 {[%clk 0:01:26]} Rc8 {[%clk 0:01:48]} 17. Bb1
{[%clk 0:01:23]} Be7 {[%clk 0:00:52]} 18. Ng3 {[%clk 0:01:06]} Qd5
{[%clk 0:00:43]} 19. h4 {[%clk 0:00:59]} Rfe8 {[%clk 0:00:27]} 20. h5
{[%clk 0:00:58]} f5 {[%clk 0:00:28]} 21. exf6 {[%clk 0:00:55]} Bxf6
{[%clk 0:00:29]} 22. Qd3 {[%clk 0:00:51]} Kf8 {[%clk 0:00:30]} 23. Qh7
{[%clk 0:00:38]} Ke7 {[%clk 0:00:23]} 24. Be4 {[%clk 0:00:24]} Qd6
{[%clk 0:00:20]} 25. Re1 {[%clk 0:00:23]} Kd7 {[%clk 0:00:21]} 26. b4
{[%clk 0:00:22]} Qxb4 {[%clk 0:00:15]} 27. Qg6 {[%clk 0:00:16]} Ne7
{[%clk 0:00:15]} 28. Qg4 {[%clk 0:00:17]} Rxc1 {[%clk 0:00:13]} 29. Rxc1
{[%clk 0:00:17]} Bxe4 {[%clk 0:00:13]} 30. Nxe4 {[%clk 0:00:18]} Nf5
{[%clk 0:00:13]} 31. Qf4 {[%clk 0:00:13]} Rc8 {[%clk 0:00:13]} 32. Rd1
{[%clk 0:00:12]} Qxa4 {[%clk 0:00:13]} 33. Re1 {[%clk 0:00:12]} Qb4
{[%clk 0:00:13]} 34. Rd1 {[%clk 0:00:12]} Qb3 {[%clk 0:00:12]} 35. Re1
{[%clk 0:00:12]} Qb4 {[%clk 0:00:12]} 36. Rd1 {[%clk 0:00:13]} Ke7
{[%clk 0:00:10]} 37. Ne5 {[%clk 0:00:10]} Bxe5 {[%clk 0:00:07]} 38. Qxe5
{[%clk 0:00:11]} Qb3 {[%clk 0:00:08]} 39. Ra1 {[%clk 0:00:10]} a5
{[%clk 0:00:09]} 40. g4 {[%clk 0:00:10]} Qd5 {[%clk 0:00:10]} 41. Qf4
{[%clk 0:00:10]} Nd6 {[%clk 0:00:10]} 42. Ng3 {[%clk 0:00:10]} Rf8
{[%clk 0:00:11]} 43. Qd2 {[%clk 0:00:10]} Nc4 {[%clk 0:00:11]} 44. Qd3
{[%clk 0:00:10]} Ne5 {[%clk 0:00:12]} 45. Qa3+ {[%clk 0:00:10]} Ke8
{[%clk 0:00:11]} 46. Rc1 {[%clk 0:00:08]} Nf3+ {[%clk 0:00:10]} 47. Kf1
{[%clk 0:00:09]} Nd2+ {[%clk 0:00:11]} 48. Kg1 {[%clk 0:00:10]} Nc4
{[%clk 0:00:11]} 49. Qd3 {[%clk 0:00:06]} b5 {[%clk 0:00:12]} 50. Qg6+
{[%clk 0:00:06]} Rf7 {[%clk 0:00:12]} 51. Ne4 {[%clk 0:00:07]} Kf8
{[%clk 0:00:09]} 52. Qh7 {[%clk 0:00:07]} Ke7 {[%clk 0:00:09]} 53. Re1
{[%clk 0:00:06]} d3 {[%clk 0:00:10]} 54. Ng3 {[%clk 0:00:04]} d2 {[%clk 0:00:10]}
55. Rd1 {[%clk 0:00:05]} Ne5 {[%clk 0:00:11]} 56. Qc2 {[%clk 0:00:04]} Nf3+
{[%clk 0:00:11]} 57. Kf1 {[%clk 0:00:06]} Qc4+ {[%clk 0:00:12]} 58. Qxc4
{[%clk 0:00:06]} bxc4 {[%clk 0:00:13]} 59. Ne4 {[%clk 0:00:07]} Rf4
{[%clk 0:00:14]} 60. Nxd2 {[%clk 0:00:06]} Rd4 {[%clk 0:00:15]} 61. Ke2
{[%clk 0:00:07]} Nxd2 {[%clk 0:00:15]} 62. Rxd2 {[%clk 0:00:09]} Rxd2+
{[%clk 0:00:16]} 63. Kxd2 {[%clk 0:00:10]} Kd6 {[%clk 0:00:17]} 64. Kc3
{[%clk 0:00:11]} Kc5 {[%clk 0:00:18]} 65. f4 {[%clk 0:00:12]} a4 {[%clk 0:00:18]}
66. g5 {[%clk 0:00:13]} a3 {[%clk 0:00:18]} 67. f5 {[%clk 0:00:14]} exf5
{[%clk 0:00:19]} 68. Kd4+ 0-1

[Event "Team Championship Russia (Blitz, Men)"]
[Site "Sochi"]
[Date "2018.10.10"]
[Round "12.10"]
[White "Bocharov, Dmitry"]
[Black "Sergeyev, Alexander"]
[Result "1-0"]
[BlackElo "2277"]
[WhiteElo "2649"]
[LiveChessVersion "1.4.8"]

1. Nf3 {[%clk 0:03:00]} d5 {[%clk 0:03:02]} 2. g3 {[%clk 0:03:01]} Bg4
{[%clk 0:03:01]} 3. Bg2 {[%clk 0:03:02]} Nd7 {[%clk 0:03:02]} 4. c4
{[%clk 0:02:57]} e6 {[%clk 0:02:57]} 5. cxd5 {[%clk 0:02:56]} exd5
{[%clk 0:02:58]} 6. O-O {[%clk 0:02:56]} Ngf6 {[%clk 0:02:58]} 7. d3
{[%clk 0:02:55]} Be7 {[%clk 0:02:55]} 8. Nc3 {[%clk 0:02:49]} O-O
{[%clk 0:02:50]} 9. h3 {[%clk 0:02:49]} Be6 {[%clk 0:02:35]} 10. Nd4
{[%clk 0:02:39]} c6 {[%clk 0:02:08]} 11. e4 {[%clk 0:02:32]} Bc5 {[%clk 0:01:53]}
12. Nxe6 {[%clk 0:02:26]} fxe6 {[%clk 0:01:54]} 13. d4 {[%clk 0:02:25]} Bb6
{[%clk 0:01:53]} 14. e5 {[%clk 0:02:26]} Ne8 {[%clk 0:01:44]} 15. Be3
{[%clk 0:02:18]} Nc7 {[%clk 0:01:30]} 16. Rc1 {[%clk 0:02:14]} Qe7
{[%clk 0:01:08]} 17. Na4 {[%clk 0:01:44]} Rac8 {[%clk 0:01:00]} 18. h4
{[%clk 0:01:41]} Na6 {[%clk 0:00:44]} 19. Bh3 {[%clk 0:01:30]} c5
{[%clk 0:00:39]} 20. Qg4 {[%clk 0:01:28]} Rfe8 {[%clk 0:00:37]} 21. dxc5
{[%clk 0:01:19]} Naxc5 {[%clk 0:00:38]} 22. Nxb6 {[%clk 0:01:14]} axb6
{[%clk 0:00:39]} 23. Bd4 {[%clk 0:01:06]} Ra8 {[%clk 0:00:35]} 24. b4
{[%clk 0:01:01]} Ne4 {[%clk 0:00:27]} 25. Rc7 {[%clk 0:00:59]} Nd2
{[%clk 0:00:21]} 26. Rd1 {[%clk 0:00:38]} Nc4 {[%clk 0:00:22]} 27. Qxe6+
{[%clk 0:00:34]} Qxe6 {[%clk 0:00:22]} 28. Bxe6+ {[%clk 0:00:34]} Rxe6
{[%clk 0:00:23]} 29. Rxd7 {[%clk 0:00:35]} Rxa2 {[%clk 0:00:19]} 30. Rxd5
{[%clk 0:00:34]} Nd2 {[%clk 0:00:15]} 31. Kg2 {[%clk 0:00:32]} Ne4
{[%clk 0:00:10]} 32. Re1 {[%clk 0:00:26]} Nd2 {[%clk 0:00:10]} 33. Rc1
{[%clk 0:00:24]} Kf7 {[%clk 0:00:10]} 34. Rc7+ {[%clk 0:00:24]} Kg6
{[%clk 0:00:12]} 35. Rdd7 {[%clk 0:00:20]} Kf5 {[%clk 0:00:13]} 36. Rxg7
{[%clk 0:00:18]} Ke4 {[%clk 0:00:11]} 37. Be3 {[%clk 0:00:19]} b5
{[%clk 0:00:07]} 38. Rg4+ {[%clk 0:00:15]} Kf5 {[%clk 0:00:07]} 39. Rf4+
{[%clk 0:00:09]} Kxe5 {[%clk 0:00:03]} 40. Rc5+ {[%clk 0:00:09]} Kd6
{[%clk 0:00:00]} 41. Rd4+ {[%clk 0:00:09]} Kd5 1-0

[Event "Team Championship Russia (Blitz, Men)"]
[Site "Sochi"]
[Date "2018.10.10"]
[Round "12.11"]
[White "Belyakov, Bogdan"]
[Black "Maletin, Pavel"]
[Result "1/2-1/2"]
[BlackElo "2637"]
[WhiteElo "2464"]
[LiveChessVersion "1.4.8"]

1. e4 {[%clk 0:03:03]} e5 {[%clk 0:03:03]} 2. Nf3 {[%clk 0:03:04]} Nc6
{[%clk 0:03:05]} 3. Nc3 {[%clk 0:03:05]} Nf6 {[%clk 0:03:06]} 4. Be2
{[%clk 0:03:06]} Bd6 {[%clk 0:03:07]} 5. d4 {[%clk 0:03:06]} exd4
{[%clk 0:02:44]} 6. Nxd4 {[%clk 0:03:07]} O-O {[%clk 0:02:45]} 7. O-O
{[%clk 0:03:04]} Re8 {[%clk 0:02:44]} 8. Ndb5 {[%clk 0:02:45]} Bc5
{[%clk 0:02:31]} 9. Bg5 {[%clk 0:02:41]} a6 {[%clk 0:02:30]} 10. Bxf6
{[%clk 0:02:36]} gxf6 {[%clk 0:02:31]} 11. Na3 {[%clk 0:02:37]} d6
{[%clk 0:02:25]} 12. Bd3 {[%clk 0:02:36]} Kh8 {[%clk 0:02:24]} 13. Nc4
{[%clk 0:02:32]} Rg8 {[%clk 0:02:16]} 14. Qh5 {[%clk 0:02:31]} Rg7
{[%clk 0:02:00]} 15. Ne3 {[%clk 0:02:24]} Ne5 {[%clk 0:01:50]} 16. Kh1
{[%clk 0:02:12]} Be6 {[%clk 0:01:46]} 17. Ncd5 {[%clk 0:02:10]} c6
{[%clk 0:01:24]} 18. Nf4 {[%clk 0:01:59]} Qe7 {[%clk 0:01:11]} 19. Nf5
{[%clk 0:01:49]} Bxf5 {[%clk 0:01:12]} 20. exf5 {[%clk 0:01:43]} Rg5
{[%clk 0:01:07]} 21. Qh3 {[%clk 0:01:41]} Ng4 {[%clk 0:01:03]} 22. Qf3
{[%clk 0:01:37]} Ne5 {[%clk 0:01:01]} 23. Rae1 {[%clk 0:01:27]} Qf8
{[%clk 0:01:01]} 24. Qh3 {[%clk 0:01:25]} Ng4 {[%clk 0:00:58]} 25. Qh4
{[%clk 0:01:14]} Ne5 {[%clk 0:00:53]} 26. Nh3 {[%clk 0:01:13]} Nxd3
{[%clk 0:00:49]} 27. cxd3 {[%clk 0:01:05]} Rxf5 {[%clk 0:00:48]} 28. f4
{[%clk 0:01:06]} Qg7 {[%clk 0:00:45]} 29. Re7 {[%clk 0:01:05]} Rg8
{[%clk 0:00:45]} 30. Qg3 {[%clk 0:00:42]} Qxg3 {[%clk 0:00:39]} 31. hxg3
{[%clk 0:00:42]} Rxg3 {[%clk 0:00:37]} 32. Rxf7 {[%clk 0:00:41]} Rxd3
{[%clk 0:00:34]} 33. Rxb7 {[%clk 0:00:37]} Rfd5 {[%clk 0:00:35]} 34. Kh2
{[%clk 0:00:31]} Rd1 {[%clk 0:00:32]} 35. Rxd1 {[%clk 0:00:32]} Rxd1
{[%clk 0:00:33]} 36. Kg3 {[%clk 0:00:33]} Rd2 {[%clk 0:00:30]} 37. Kf3
{[%clk 0:00:33]} a5 {[%clk 0:00:29]} 38. a4 {[%clk 0:00:32]} Rd4 {[%clk 0:00:28]}
39. b3 {[%clk 0:00:31]} Rb4 {[%clk 0:00:29]} 40. Rc7 {[%clk 0:00:28]} Rxb3+
{[%clk 0:00:29]} 41. Kg4 {[%clk 0:00:29]} Rb2 {[%clk 0:00:22]} 42. Kf5
{[%clk 0:00:25]} Rxg2 {[%clk 0:00:22]} 43. Kxf6 {[%clk 0:00:27]} Bd4+
{[%clk 0:00:23]} 44. Kf5 {[%clk 0:00:28]} h6 {[%clk 0:00:21]} 45. Rxc6
{[%clk 0:00:28]} Rg3 {[%clk 0:00:16]} 46. Rxd6 {[%clk 0:00:28]} Bg7
{[%clk 0:00:08]} 47. Nf2 {[%clk 0:00:28]} Ra3 {[%clk 0:00:08]} 48. Kg6
{[%clk 0:00:28]} Rg3+ {[%clk 0:00:08]} 49. Kf7 {[%clk 0:00:26]} Rf3
{[%clk 0:00:09]} 50. Nd3 {[%clk 0:00:27]} Kh7 {[%clk 0:00:10]} 51. Rd5
{[%clk 0:00:27]} Bc3 {[%clk 0:00:09]} 52. Ke6 {[%clk 0:00:27]} Bg7
{[%clk 0:00:10]} 53. f5 {[%clk 0:00:27]} h5 {[%clk 0:00:11]} 54. Nc5
{[%clk 0:00:18]} h4 {[%clk 0:00:12]} 55. Ne4 {[%clk 0:00:16]} Re3
{[%clk 0:00:11]} 56. f6 {[%clk 0:00:17]} Rxe4+ {[%clk 0:00:08]} 57. Kf5
{[%clk 0:00:17]} Re1 {[%clk 0:00:06]} 58. fxg7 {[%clk 0:00:16]} Kxg7
{[%clk 0:00:08]} 59. Rxa5 {[%clk 0:00:08]} h3 {[%clk 0:00:09]} 60. Ra7+
{[%clk 0:00:08]} Kh6 {[%clk 0:00:10]} 61. Ra6+ {[%clk 0:00:09]} Kh5
{[%clk 0:00:11]} 62. Ra8 {[%clk 0:00:10]} Rf1+ {[%clk 0:00:12]} 63. Ke4
{[%clk 0:00:12]} Kh4 {[%clk 0:00:12]} 64. Rh8+ {[%clk 0:00:11]} Kg3
{[%clk 0:00:13]} 65. Rg8+ Kh2 66. Kd5 {[%clk 0:00:12]} Ra1 {[%clk 0:00:15]} 67.
Rg4 {[%clk 0:00:12]} Kh1 {[%clk 0:00:15]} 68. Kc5 {[%clk 0:00:13]} h2
{[%clk 0:00:16]} 69. Kb5 {[%clk 0:00:14]} Rg1 {[%clk 0:00:16]} 70. Rh4
{[%clk 0:00:14]} Kg2 {[%clk 0:00:17]} 71. a5 {[%clk 0:00:15]} h1=Q
{[%clk 0:00:16]} 72. Rxh1 {[%clk 0:00:16]} Rxh1 {[%clk 0:00:17]} 73. a6
{[%clk 0:00:17]} Ra1 {[%clk 0:00:18]} 74. Kb6 {[%clk 0:00:18]} Kf3
{[%clk 0:00:20]} 75. a7 {[%clk 0:00:19]} Ke4 {[%clk 0:00:21]} 76. Kb7
{[%clk 0:00:20]} Kd5 {[%clk 0:00:22]} 77. a8=Q {[%clk 0:00:21]} Rxa8
{[%clk 0:00:22]} 78. Kxa8 Ke4 1/2-1/2

[Event "Team Championship Russia (Blitz, Men)"]
[Site "Sochi"]
[Date "2018.10.10"]
[Round "12.12"]
[White "Khanin, Semen"]
[Black "Savitskiy, Sergey"]
[Result "1/2-1/2"]
[BlackElo "2283"]
[WhiteElo "2545"]
[LiveChessVersion "1.4.8"]

1. e4 {[%clk 0:03:03]} c5 {[%clk 0:03:03]} 2. Nf3 {[%clk 0:03:04]} d6
{[%clk 0:03:04]} 3. Bb5+ {[%clk 0:03:04]} Nc6 {[%clk 0:02:58]} 4. Bxc6+
{[%clk 0:03:04]} bxc6 {[%clk 0:02:59]} 5. O-O {[%clk 0:03:04]} e5
{[%clk 0:03:00]} 6. c3 {[%clk 0:03:03]} f5 {[%clk 0:03:01]} 7. d4
{[%clk 0:03:02]} fxe4 {[%clk 0:02:50]} 8. Ng5 {[%clk 0:03:03]} d5
{[%clk 0:02:31]} 9. dxe5 {[%clk 0:03:00]} Be7 {[%clk 0:02:18]} 10. f4
{[%clk 0:02:59]} Bxg5 {[%clk 0:01:31]} 11. fxg5 {[%clk 0:02:58]} Ne7
{[%clk 0:01:32]} 12. Be3 {[%clk 0:02:56]} d4 {[%clk 0:01:20]} 13. cxd4 Nf5 14.
Rxf5 {[%clk 0:00:37]} Bxf5 {[%clk 0:01:22]} 15. Nc3 {[%clk 0:00:32]} cxd4
{[%clk 0:01:21]} 16. Bxd4 {[%clk 0:00:33]} O-O {[%clk 0:01:21]} 17. Qb3+
{[%clk 0:00:25]} Kh8 {[%clk 0:01:21]} 18. Bc5 {[%clk 0:00:26]} Re8
{[%clk 0:01:17]} 19. Bd6 {[%clk 0:00:26]} Qb6+ {[%clk 0:01:15]} 20. Qxb6
{[%clk 0:00:18]} axb6 {[%clk 0:01:15]} 21. Re1 {[%clk 0:00:19]} Kg8
{[%clk 0:01:11]} 22. a3 {[%clk 0:00:18]} Kf7 {[%clk 0:01:05]} 23. Nxe4
{[%clk 0:00:19]} Bxe4 {[%clk 0:01:04]} 24. Rxe4 {[%clk 0:00:19]} Ke6
{[%clk 0:01:05]} 25. Kf2 {[%clk 0:00:18]} Ra7 {[%clk 0:01:03]} 26. Rb4
{[%clk 0:00:14]} b5 {[%clk 0:01:01]} 27. Rh4 {[%clk 0:00:14]} g6 {[%clk 0:01:00]}
28. Rf4 {[%clk 0:00:13]} Rf7 {[%clk 0:01:01]} 29. Rf6+ {[%clk 0:00:14]} Rxf6+
{[%clk 0:01:00]} 30. gxf6 {[%clk 0:00:15]} Ra8 {[%clk 0:00:57]} 31. Ke3
{[%clk 0:00:14]} Ra4 {[%clk 0:00:58]} 32. Bb4 {[%clk 0:00:13]} c5
{[%clk 0:00:44]} 33. Bxc5 {[%clk 0:00:13]} Rc4 {[%clk 0:00:45]} 34. Bd6
{[%clk 0:00:13]} Rc2 {[%clk 0:00:46]} 35. Kf3 {[%clk 0:00:10]} Rxb2
{[%clk 0:00:46]} 36. h4 {[%clk 0:00:09]} Rb3+ {[%clk 0:00:44]} 37. Kf4
{[%clk 0:00:10]} h5 {[%clk 0:00:32]} 38. Kg5 {[%clk 0:00:06]} Kf7
{[%clk 0:00:09]} 39. Kf4 {[%clk 0:00:06]} Ke6 {[%clk 0:00:10]} 40. g3
{[%clk 0:00:04]} Rd3 {[%clk 0:00:10]} 41. Bc7 {[%clk 0:00:04]} Kxe5+ 42. Ke4+
1/2-1/2

[Event "Team Championship Russia (Blitz, Men)"]
[Site "Sochi"]
[Date "2018.10.10"]
[Round "12.13"]
[White "Chigaev, Maksim"]
[Black "Alekseenko, Kirill"]
[Result "1-0"]
[BlackElo "2613"]
[WhiteElo "2616"]
[LiveChessVersion "1.4.8"]

1. e4 c5 2. Nf3 {[%clk 0:03:03]} d6 {[%clk 0:03:04]} 3. Nc3 {[%clk 0:03:04]} Nf6
{[%clk 0:02:56]} 4. e5 {[%clk 0:03:05]} dxe5 {[%clk 0:02:57]} 5. Nxe5
{[%clk 0:03:06]} g6 {[%clk 0:02:48]} 6. Bb5+ {[%clk 0:02:45]} Nbd7
{[%clk 0:02:49]} 7. Qf3 {[%clk 0:02:45]} Qc7 {[%clk 0:02:20]} 8. Qg3
{[%clk 0:02:00]} Nh5 {[%clk 0:01:27]} 9. Nd5 {[%clk 0:01:26]} Qd6
{[%clk 0:01:29]} 10. Nxd7 {[%clk 0:01:19]} Nxg3 {[%clk 0:01:22]} 11. Ne5+ Bd7 12.
Bxd7+ {[%clk 0:01:17]} Qxd7 {[%clk 0:00:44]} 13. Nxd7 {[%clk 0:01:18]} Nxh1
{[%clk 0:00:44]} 14. Nxf8 {[%clk 0:01:00]} Kxf8 {[%clk 0:00:41]} 15. Kf1
{[%clk 0:00:35]} Rd8 {[%clk 0:00:38]} 16. Ne3 {[%clk 0:00:31]} Nxf2
{[%clk 0:00:29]} 17. Kxf2 f6 18. d3 {[%clk 0:00:30]} Kf7 {[%clk 0:00:31]} 19. Bd2
{[%clk 0:00:30]} e5 {[%clk 0:00:28]} 20. Ke2 {[%clk 0:00:31]} Rhe8
{[%clk 0:00:26]} 21. Rf1 {[%clk 0:00:27]} Kg7 {[%clk 0:00:18]} 22. Bc3
{[%clk 0:00:23]} f5 {[%clk 0:00:08]} 23. g4 {[%clk 0:00:21]} fxg4
{[%clk 0:00:05]} 24. Nxg4 {[%clk 0:00:20]} h5 {[%clk 0:00:04]} 25. Nf2
{[%clk 0:00:09]} b5 {[%clk 0:00:04]} 26. b3 {[%clk 0:00:07]} b4 {[%clk 0:00:05]}
27. Bb2 {[%clk 0:00:07]} Rd5 {[%clk 0:00:04]} 28. Ne4 {[%clk 0:00:08]} Rf8
{[%clk 0:00:05]} 29. Rg1 {[%clk 0:00:07]} Rf4 {[%clk 0:00:05]} 30. Bc1
{[%clk 0:00:05]} Rf7 {[%clk 0:00:05]} 31. Be3 {[%clk 0:00:06]} Rc7
{[%clk 0:00:06]} 32. Nd2 {[%clk 0:00:06]} Rf7 {[%clk 0:00:06]} 33. Nc4
{[%clk 0:00:07]} Rf8 {[%clk 0:00:06]} 34. Rg5 {[%clk 0:00:07]} Rf5
{[%clk 0:00:07]} 35. Rg2 {[%clk 0:00:08]} Rf8 {[%clk 0:00:08]} 36. Rg1
{[%clk 0:00:07]} Rf7 {[%clk 0:00:09]} 37. a3 {[%clk 0:00:08]} bxa3
{[%clk 0:00:06]} 38. Ra1 {[%clk 0:00:09]} h4 {[%clk 0:00:04]} 39. Rxa3
{[%clk 0:00:07]} h3 {[%clk 0:00:04]} 40. Ra1 {[%clk 0:00:08]} Kh7
{[%clk 0:00:03]} 41. Rg1 {[%clk 0:00:08]} Rf5 {[%clk 0:00:05]} 42. Rg3
{[%clk 0:00:08]} Rh5 {[%clk 0:00:06]} 43. Nd2 {[%clk 0:00:09]} Rd8
{[%clk 0:00:07]} 44. Ne4 {[%clk 0:00:09]} Rf8 {[%clk 0:00:07]} 45. Ng5+
{[%clk 0:00:09]} Kg8 {[%clk 0:00:09]} 46. Nxh3 {[%clk 0:00:06]} Kf7
{[%clk 0:00:10]} 47. Ng5+ {[%clk 0:00:07]} Ke8 {[%clk 0:00:11]} 48. h3
{[%clk 0:00:08]} Rf5 {[%clk 0:00:10]} 49. Ne4 {[%clk 0:00:07]} Kd7
{[%clk 0:00:07]} 50. Nxc5+ Kc6 51. Ne4 {[%clk 0:00:08]} Rf8 {[%clk 0:00:08]} 52.
Rxg6+ {[%clk 0:00:08]} Kb5 {[%clk 0:00:06]} 53. Rg3 {[%clk 0:00:06]} Rc8
{[%clk 0:00:07]} 54. Nd6+ {[%clk 0:00:06]} 1-0

[Event "Team Championship Russia (Blitz, Men)"]
[Site "Sochi"]
[Date "2018.10.10"]
[Round "12.14"]
[White "Alekseev, Evgeny"]
[Black "Vastrukhin, Oleg"]
[Result "1-0"]
[BlackElo "2535"]
[WhiteElo "2629"]
[LiveChessVersion "1.4.8"]

1. d4 {[%clk 0:03:03]} g6 2. e4 Bg7 {[%clk 0:03:05]} 3. Nf3 {[%clk 0:03:06]} c6
{[%clk 0:03:06]} 4. h3 {[%clk 0:03:07]} d5 {[%clk 0:03:07]} 5. Nc3
{[%clk 0:03:08]} Nf6 {[%clk 0:03:08]} 6. e5 {[%clk 0:03:09]} Ne4 {[%clk 0:03:10]}
7. Nxe4 {[%clk 0:03:10]} dxe4 {[%clk 0:03:10]} 8. Ng5 {[%clk 0:03:11]} c5
{[%clk 0:03:10]} 9. c3 {[%clk 0:03:11]} cxd4 {[%clk 0:03:05]} 10. cxd4
{[%clk 0:03:12]} Nc6 {[%clk 0:03:05]} 11. Bc4 {[%clk 0:03:03]} O-O
{[%clk 0:03:06]} 12. Be3 {[%clk 0:03:04]} Qa5+ 13. Kf1 b5 {[%clk 0:02:50]} 14.
Bb3 {[%clk 0:03:01]} Bb7 {[%clk 0:02:36]} 15. h4 {[%clk 0:03:02]} Rad8
{[%clk 0:02:19]} 16. h5 {[%clk 0:03:03]} Nxe5 {[%clk 0:01:49]} 17. Nxh7
{[%clk 0:03:02]} b4 {[%clk 0:01:07]} 18. hxg6 {[%clk 0:02:40]} Nxg6
{[%clk 0:01:06]} 19. Nxf8 {[%clk 0:02:31]} Kxf8 {[%clk 0:01:05]} 20. Rh5
{[%clk 0:02:10]} Qa6+ {[%clk 0:00:58]} 21. Kg1 {[%clk 0:02:12]} e5
{[%clk 0:00:42]} 22. Rf5 {[%clk 0:02:00]} Bd5 {[%clk 0:00:32]} 23. dxe5
{[%clk 0:01:51]} Qe6 {[%clk 0:00:34]} 24. Rh5 {[%clk 0:01:45]} Bxe5
{[%clk 0:00:29]} 25. Bxd5 {[%clk 0:01:41]} Rxd5 {[%clk 0:00:31]} 26. Qb3
{[%clk 0:01:27]} a5 {[%clk 0:00:26]} 27. Rc1 {[%clk 0:01:26]} Kg7
{[%clk 0:00:16]} 28. Rc5 {[%clk 0:01:08]} Rxc5 {[%clk 0:00:11]} 29. Qxe6
{[%clk 0:01:09]} fxe6 {[%clk 0:00:11]} 30. Bxc5 {[%clk 0:01:10]} Bxb2
{[%clk 0:00:12]} 31. Bb6 {[%clk 0:01:05]} a4 {[%clk 0:00:13]} 32. Ra5
{[%clk 0:01:02]} a3 {[%clk 0:00:04]} 33. Rb5 {[%clk 0:01:01]} Ne5
{[%clk 0:00:04]} 34. Rxb4 {[%clk 0:00:59]} Nd3 {[%clk 0:00:04]} 35. Ra4
{[%clk 0:00:53]} e5 {[%clk 0:00:00]} 36. Kf1 {[%clk 0:00:53]} 1-0

[Event "Team Championship Russia (Blitz, Men)"]
[Site "Sochi"]
[Date "2018.10.10"]
[Round "12.15"]
[White "Lugovskoy, Maxim"]
[Black "Usmanov, Vasily"]
[Result "1/2-1/2"]
[BlackElo "2446"]
[WhiteElo "2436"]
[LiveChessVersion "1.4.8"]

1. d4 {[%clk 0:03:03]} d5 {[%clk 0:02:57]} 2. Nc3 {[%clk 0:03:04]} e6
{[%clk 0:02:56]} 3. Bf4 {[%clk 0:03:05]} a6 {[%clk 0:02:54]} 4. Nf3
{[%clk 0:03:06]} Bd6 {[%clk 0:02:52]} 5. Bxd6 {[%clk 0:03:06]} Qxd6
{[%clk 0:02:45]} 6. e3 {[%clk 0:03:08]} Nc6 {[%clk 0:02:43]} 7. Be2
{[%clk 0:03:06]} Nf6 {[%clk 0:02:44]} 8. O-O {[%clk 0:03:06]} O-O
{[%clk 0:02:44]} 9. Rc1 {[%clk 0:03:03]} e5 {[%clk 0:02:44]} 10. dxe5
{[%clk 0:03:03]} Nxe5 {[%clk 0:02:45]} 11. Nxe5 {[%clk 0:03:03]} Qxe5
{[%clk 0:02:45]} 12. Qd4 {[%clk 0:03:00]} Qxd4 {[%clk 0:02:40]} 13. exd4
{[%clk 0:03:01]} Bf5 {[%clk 0:02:40]} 14. Bf3 {[%clk 0:03:02]} c6
{[%clk 0:02:41]} 15. Na4 {[%clk 0:02:47]} Rfe8 {[%clk 0:02:36]} 16. Nc5
{[%clk 0:02:38]} Re7 {[%clk 0:02:36]} 17. Rfe1 {[%clk 0:02:32]} Rae8
{[%clk 0:02:35]} 18. Rxe7 {[%clk 0:02:33]} Rxe7 {[%clk 0:02:37]} 19. c3
{[%clk 0:02:30]} Ne8 {[%clk 0:02:35]} 20. Kf1 {[%clk 0:02:23]} Nd6
{[%clk 0:02:15]} 21. Re1 {[%clk 0:02:23]} Kf8 {[%clk 0:02:13]} 22. Rxe7
{[%clk 0:02:23]} Kxe7 {[%clk 0:02:14]} 23. Ke1 {[%clk 0:02:24]} g5
{[%clk 0:02:10]} 24. Be2 {[%clk 0:02:23]} h6 {[%clk 0:02:08]} 25. Kd2
{[%clk 0:02:21]} Ne4+ {[%clk 0:02:06]} 26. Nxe4 {[%clk 0:02:21]} Bxe4
{[%clk 0:02:07]} 27. f3 {[%clk 0:02:17]} Bb1 {[%clk 0:02:07]} 28. a3
{[%clk 0:02:14]} f5 {[%clk 0:02:04]} 29. b4 {[%clk 0:02:10]} f4 {[%clk 0:01:58]}
30. a4 {[%clk 0:02:11]} b5 {[%clk 0:01:58]} 31. a5 {[%clk 0:02:04]} Kf6
{[%clk 0:01:57]} 32. Ke1 {[%clk 0:02:05]} h5 {[%clk 0:01:54]} 33. g3
{[%clk 0:02:06]} h4 {[%clk 0:01:51]} 34. gxf4 {[%clk 0:02:05]} gxf4
{[%clk 0:01:51]} 35. Kf2 {[%clk 0:02:02]} Bf5 {[%clk 0:01:51]} 36. Ke1
{[%clk 0:01:48]} Ke7 {[%clk 0:01:45]} 37. Bf1 {[%clk 0:01:46]} Kd6
{[%clk 0:01:45]} 38. Kd2 {[%clk 0:01:44]} Ke7 {[%clk 0:01:43]} 39. Kc1
{[%clk 0:01:40]} Kd6 {[%clk 0:01:44]} 40. Be2 {[%clk 0:01:35]} Bh3
{[%clk 0:01:38]} 41. Kc2 {[%clk 0:01:31]} Bf5+ {[%clk 0:01:37]} 42. Kd2
{[%clk 0:01:31]} Ke7 {[%clk 0:01:37]} 43. Bd1 {[%clk 0:01:30]} Ke6
{[%clk 0:01:32]} 44. Ke1 {[%clk 0:01:03]} Kd6 {[%clk 0:01:32]} 45. Kd2
{[%clk 0:00:51]} Kc7 {[%clk 0:01:31]} 46. Be2 {[%clk 0:00:52]} Kd6
{[%clk 0:01:30]} 47. Bf1 {[%clk 0:00:52]} Kc7 {[%clk 0:01:30]} 48. Be2
{[%clk 0:00:38]} Kd6 {[%clk 0:01:30]} 49. Bf1 {[%clk 0:00:39]} Kc7
{[%clk 0:01:31]} 50. Be2 {[%clk 0:00:26]} Kd6 {[%clk 0:01:30]} 51. Bf1
{[%clk 0:00:18]} Kc7 {[%clk 0:01:30]} 52. Ke1 {[%clk 0:00:17]} Kd6
{[%clk 0:01:30]} 53. Kf2 {[%clk 0:00:19]} Kc7 {[%clk 0:01:30]} 54. Be2
{[%clk 0:00:20]} Kd6 {[%clk 0:01:31]} 55. Bf1 {[%clk 0:00:15]} Kc7
{[%clk 0:01:32]} 56. Ke1 {[%clk 0:00:15]} Kd6 {[%clk 0:01:32]} 57. Kd2
{[%clk 0:00:16]} Kc7 {[%clk 0:01:33]} 58. Be2 {[%clk 0:00:15]} Kd6
{[%clk 0:01:34]} 59. Kc1 {[%clk 0:00:16]} Kc7 {[%clk 0:01:35]} 60. Kd2
{[%clk 0:00:16]} Kd6 {[%clk 0:01:36]} 61. Bf1 {[%clk 0:00:10]} Kc7
{[%clk 0:01:36]} 62. Ke1 {[%clk 0:00:10]} Kd6 {[%clk 0:01:37]} 63. Be2
{[%clk 0:00:10]} Kc7 {[%clk 0:01:37]} 64. Kf2 {[%clk 0:00:11]} Kd6
{[%clk 0:01:38]} 65. Ke1 {[%clk 0:00:10]} Kc7 {[%clk 0:01:39]} 66. Kd2
{[%clk 0:00:11]} Kd6 {[%clk 0:01:40]} 67. Bd3 {[%clk 0:00:12]} Bxd3
{[%clk 0:00:35]} 68. Kxd3 {[%clk 0:00:13]} h3 {[%clk 0:00:35]} 69. Ke4 Ke5+
1/2-1/2